000 00661nam a22002057a 4500
999 _c61844
_d61844
005 20240527105357.0
007
008 240527s1987 enk||||| |||| 00| 0 eng d
020 _a‎9780801654077x
041 _aeng
080 _a616-053.2 W-62
100 _aWhaley, Lucille F
_922182
245 _aNursing care of infants and children /
_cLucille F Whaley.
250 _aThird edition
264 _aSt. Louis :
_bMosby,
_c1987.
300 _a1868 p. :
_bill.;
_c28 cm.
653 _aჩვილებისა და ბავშვების საექთნო მოვლა
653 _aმედიცინა
942 _2udc
_cᲬᲘᲒᲜᲘ